Dataset Open Access

Data publication: Regimes in Wet Wollastonite Carbonation: A Comparative Kinetics and Multi-Technique Investigation

Homaee, Sahra; Möckel, Robert; Ebert, Doreen; Rudolph, Martin


MARC21 XML Export

<?xml version='1.0' encoding='UTF-8'?>
<record xmlns="http://www.loc.gov/MARC21/slim">
  <leader>00000nmm##2200000uu#4500</leader>
  <controlfield tag="005">20260420121040.0</controlfield>
  <datafield tag="024" ind1=" " ind2=" ">
    <subfield code="a">10.14278/rodare.4616</subfield>
    <subfield code="2">doi</subfield>
  </datafield>
  <datafield tag="856" ind1="4" ind2=" ">
    <subfield code="s">1234143</subfield>
    <subfield code="u">https://rodare.hzdr.de/record/4616/files/2026-01-12_Mechanistic Wollastonitepaper-First draft - SH-final.pdf</subfield>
    <subfield code="z">md5:0d260a7d1b8ba8c1f7176d0cffa281ac</subfield>
  </datafield>
  <datafield tag="856" ind1="4" ind2=" ">
    <subfield code="s">43802</subfield>
    <subfield code="u">https://rodare.hzdr.de/record/4616/files/BET.zip</subfield>
    <subfield code="z">md5:17ed89af3860677ace17b4291692da3e</subfield>
  </datafield>
  <datafield tag="856" ind1="4" ind2=" ">
    <subfield code="s">10933067</subfield>
    <subfield code="u">https://rodare.hzdr.de/record/4616/files/Figures.zip</subfield>
    <subfield code="z">md5:96f3ad3af033d534d327fd51a4322414</subfield>
  </datafield>
  <datafield tag="856" ind1="4" ind2=" ">
    <subfield code="s">14523</subfield>
    <subfield code="u">https://rodare.hzdr.de/record/4616/files/Kinetics.zip</subfield>
    <subfield code="z">md5:efc1c4300a29537e65a72abdf4c04c9e</subfield>
  </datafield>
  <datafield tag="856" ind1="4" ind2=" ">
    <subfield code="s">11745</subfield>
    <subfield code="u">https://rodare.hzdr.de/record/4616/files/Pyc.zip</subfield>
    <subfield code="z">md5:a18c32a61e8eb53abb016d5f3b4ae86b</subfield>
  </datafield>
  <datafield tag="856" ind1="4" ind2=" ">
    <subfield code="s">134985</subfield>
    <subfield code="u">https://rodare.hzdr.de/record/4616/files/TGA.zip</subfield>
    <subfield code="z">md5:75bbbafb76ee4790b52e8e082d90f245</subfield>
  </datafield>
  <datafield tag="856" ind1="4" ind2=" ">
    <subfield code="s">29571</subfield>
    <subfield code="u">https://rodare.hzdr.de/record/4616/files/XRD.zip</subfield>
    <subfield code="z">md5:dfe6bffdcdaffde24b178f82e8d31510</subfield>
  </datafield>
  <datafield tag="856" ind1="4" ind2=" ">
    <subfield code="s">11349</subfield>
    <subfield code="u">https://rodare.hzdr.de/record/4616/files/XRF.zip</subfield>
    <subfield code="z">md5:13a402df46b3b411a1beddf73682e4a9</subfield>
  </datafield>
  <datafield tag="100" ind1=" " ind2=" ">
    <subfield code="a">Homaee, Sahra</subfield>
    <subfield code="0">(orcid)0009-0004-8682-6432</subfield>
  </datafield>
  <datafield tag="909" ind1="C" ind2="O">
    <subfield code="o">oai:rodare.hzdr.de:4616</subfield>
    <subfield code="p">openaire_data</subfield>
    <subfield code="p">user-ceri²</subfield>
    <subfield code="p">user-energy</subfield>
    <subfield code="p">user-rodare</subfield>
  </datafield>
  <datafield tag="041" ind1=" " ind2=" ">
    <subfield code="a">eng</subfield>
  </datafield>
  <datafield tag="980" ind1=" " ind2=" ">
    <subfield code="a">dataset</subfield>
  </datafield>
  <datafield tag="260" ind1=" " ind2=" ">
    <subfield code="c">2026-04-21</subfield>
  </datafield>
  <datafield tag="540" ind1=" " ind2=" ">
    <subfield code="u">https://creativecommons.org/licenses/by/4.0/legalcode</subfield>
    <subfield code="a">Creative Commons Attribution 4.0 International</subfield>
  </datafield>
  <datafield tag="980" ind1=" " ind2=" ">
    <subfield code="a">user-ceri²</subfield>
  </datafield>
  <datafield tag="980" ind1=" " ind2=" ">
    <subfield code="a">user-energy</subfield>
  </datafield>
  <datafield tag="980" ind1=" " ind2=" ">
    <subfield code="a">user-rodare</subfield>
  </datafield>
  <datafield tag="520" ind1=" " ind2=" ">
    <subfield code="a">&lt;p&gt;The raw date for this publication comprises ZIP-folders which have the following contents: - BET: surface area raw data - Figures: all figures of the publication - Kinetics: Excel sheet of processed data and fitting of kinetics - Pyc: raw data of Helium pycnometry for density of solids - TGA: raw data of thermogravimetric investigations - XRD: phase analytical raw data from powder x-ray diffraction - XRF: elemental compositional raw data from x-ray fluorescence&lt;/p&gt;</subfield>
  </datafield>
  <datafield tag="542" ind1=" " ind2=" ">
    <subfield code="l">open</subfield>
  </datafield>
  <datafield tag="653" ind1=" " ind2=" ">
    <subfield code="a">Wollastonite</subfield>
  </datafield>
  <datafield tag="653" ind1=" " ind2=" ">
    <subfield code="a">near-ambient wet carbonation</subfield>
  </datafield>
  <datafield tag="653" ind1=" " ind2=" ">
    <subfield code="a">calcite</subfield>
  </datafield>
  <datafield tag="653" ind1=" " ind2=" ">
    <subfield code="a">kinetics</subfield>
  </datafield>
  <datafield tag="653" ind1=" " ind2=" ">
    <subfield code="a">CCU</subfield>
  </datafield>
  <datafield tag="653" ind1=" " ind2=" ">
    <subfield code="a">CCSU</subfield>
  </datafield>
  <datafield tag="650" ind1="1" ind2="7">
    <subfield code="a">cc-by</subfield>
    <subfield code="2">opendefinition.org</subfield>
  </datafield>
  <datafield tag="773" ind1=" " ind2=" ">
    <subfield code="a">https://www.hzdr.de/publications/Publ-43275</subfield>
    <subfield code="i">isIdenticalTo</subfield>
    <subfield code="n">url</subfield>
  </datafield>
  <datafield tag="773" ind1=" " ind2=" ">
    <subfield code="a">https://www.hzdr.de/publications/Publ-43274</subfield>
    <subfield code="i">isReferencedBy</subfield>
    <subfield code="n">url</subfield>
  </datafield>
  <datafield tag="773" ind1=" " ind2=" ">
    <subfield code="a">10.14278/rodare.4615</subfield>
    <subfield code="i">isVersionOf</subfield>
    <subfield code="n">doi</subfield>
  </datafield>
  <controlfield tag="001">4616</controlfield>
  <datafield tag="245" ind1=" " ind2=" ">
    <subfield code="a">Data publication: Regimes in Wet Wollastonite Carbonation: A Comparative Kinetics and Multi-Technique Investigation</subfield>
  </datafield>
  <datafield tag="700" ind1=" " ind2=" ">
    <subfield code="a">Möckel, Robert</subfield>
    <subfield code="0">(orcid)0000-0002-2583-6889</subfield>
  </datafield>
  <datafield tag="700" ind1=" " ind2=" ">
    <subfield code="a">Ebert, Doreen</subfield>
    <subfield code="0">(orcid)0009-0001-0426-9774</subfield>
  </datafield>
  <datafield tag="700" ind1=" " ind2=" ">
    <subfield code="a">Rudolph, Martin</subfield>
    <subfield code="0">(orcid)0000-0002-5374-6135</subfield>
  </datafield>
</record>
57
42
views
downloads
All versions This version
Views 5757
Downloads 4242
Data volume 49.6 MB49.6 MB
Unique views 5454
Unique downloads 3737

Share

Cite as